Manažment informačnej bezpečnosti elektronického podnikania dizertačná práca
Saved in:
| Main Author: | |
|---|---|
| Corporate Author: | |
| Other Authors: | |
| Format: | Book |
| Language: | Slovak |
| Published: |
Bratislava
2017
|
| Subjects: | |
| Tags: |
No Tags, Be the first to tag this record!
|
MARC
| LEADER | 00000nbm a2200000 4500 | ||
|---|---|---|---|
| 001 | 0235821 | ||
| 005 | 20240502073820.3 | ||
| 041 | 0 | |a slo | |
| 044 | |a SK | ||
| 245 | 1 | 0 | |a Manažment informačnej bezpečnosti elektronického podnikania |b dizertačná práca |c František Korček ; školiteľ: Mojmír Kokles |
| 264 | 1 | |a Bratislava |c 2017 | |
| 300 | |a 155 s. | ||
| 610 | 2 | 0 | |a podnikanie elektronické |
| 610 | 2 | 0 | |a obchod elektronický |
| 610 | 2 | 0 | |a bezpečnosť informačná |
| 610 | 2 | 0 | |a riziko |
| 610 | 2 | 0 | |a ochrana informácií |
| 610 | 2 | 0 | |a riadenie |
| 610 | 2 | 0 | |a stratégia podniková |
| 100 | 1 | |a Korček, František | |
| 700 | 1 | |a Kokles, Mojmír | |
| 710 | 2 | |a Fakulta podnikového manažmentu EU. Katedra informačného manažmentu | |